Veľký taliansko-slovenský frazeologický slovník

Salvato in:
Dettagli Bibliografici
Autore principale: Sehnalová, Zlata
Altri autori: Sehnal, Roman
Natura: Libro
Lingua:italiano
slovacco
Pubblicazione: Bratislava KNIHA-SPOLOČNÍK 2005
Soggetti:
Tags: Aggiungi Tag
Nessun Tag, puoi essere il primo ad aggiungerne!!

MARC

LEADER 00000nam$a2200000$$$4500
001 0062206
005 20240318113246.7
020 |a 80-88814-43-X 
041 0 |a ita 
041 0 |a slo 
044 |a SK 
245 1 0 |a Veľký taliansko-slovenský frazeologický slovník  |c Zlata Sehnalová, Roman Sehnal 
264 1 |a Bratislava  |b KNIHA-SPOLOČNÍK  |c 2005 
300 |a 778 s. 
610 2 0 |a jazyky cudzie 
610 2 0 |a terminológia 
610 2 0 |a jazykoveda 
100 1 |a Sehnalová, Zlata 
700 1 |a Sehnal, Roman